ندوة تحديات التنمية البشرية في الوطن العربي : (Record no. 5781)
[ view plain ]
| 000 -الفاتح | |
|---|---|
| حقل البيانات ثابتة الطول | 00561nac a22001331u 4500 |
| 008 - عناصر البيانات ثابتة الطول - معلومات عامة | |
| حقل البيانات ثابتة الطول | 090317s2004 xxu||||| |||| 00| 0 ara d |
| 020 ## - الرقم الدولى المعيارى للكتب | |
| الرقم الدولى المعيارى للكتاب | 9990109400 |
| 082 ## - رقم تصنيف ديوى العشرى | |
| رقم التصنيف | 331.10956 |
| رقم المادة | ن د و |
| 245 ## - بيان العنوان | |
| العنوان | ندوة تحديات التنمية البشرية في الوطن العربي : |
| بقية العنوان | "الواقع والآفاق" / |
| 260 ## - PUBLICATION, DISTRIBUTION, ETC. (IMPRINT) | |
| مكان الناشر او الموزع | المنامة : |
| اسم الناشر او الموزع | مركز البحرين للدراسات والبحوث ،2004 |
| تاريخ النشر أو التوزيع | 2004. |
| 300 ## - الوصف المادى | |
| التعداد | 117 ص ؛ |
| أبعاد الوعاء | 24 سم. |
| 650 ## - المدخل الاضافى بالموضوع-مصطلح موضوعى | |
| مصطلح موضوعي أو اسم جغرافي كعنصر مدخل | القوى العاملة |
| 9 (RLIN) | 21731 |
| التقسيم الفرعي الجغرافي | العالم العربي |
| 942 ## - عناصر المدخل الإضافي( كوها) | |
| Koha [default] item type | Book - Borrowing |
| سابقة رقم الطلب | 331.10956 ن د و |
| مصدر التصنيف او مخطط الترفيف | Dewey Decimal Classification |
| حالة التراجع | حالة الفقد | مصدر التصنيف او خطة الترفيف | حالة تلف | ليس للاعارة | مجموعات كوها | المكان الدائم | المكان الحالي | موقع الترفيف | تاريخ الاكتساب | Source of acquisition | رقم الاستدعاء | الباركود | Date last seen | مُعار | نوع الوعاء |
|---|---|---|---|---|---|---|---|---|---|---|---|---|---|---|---|
| Dewey Decimal Classification | Alef-Baa | Central Library | Central Library | First floor | 07/11/2005 | 338.956 ن د و | 000007422 | 15/07/2025 | 21/10/2012 | Book - Borrowing |